00652 c a2200169 450000500170000000800400001702000150005710000250007224501030009725000120020026000400021230000210025244000700027350000550034365000470039870000370044520150310093952.0a s1976 sp a spa a84700300191 aMcCullough, Marshall10aAlimentación practica de la vaca lechera /cMarshall McCullough ; tr. Julio Fernández Carmona. a2a. ed. aBarcelona, España :bAedos,c1976 a224 p.; c20 cm. aBiblioteca Agrícola Aedos. pBiblioteca Veterinaria y Zootecnia aTraducción de : Optimum feeding of dairy animals 4aGanado lecheroxAlimentación y alimentos1 aFernánadez Carmona, Julio, tr.